| 000 | 00461nam a22001697a 4500 | ||
|---|---|---|---|
| 008 | 220407b |||||||| |||| 00| 0 eng d | ||
| 020 | _a9780230638853 | ||
| 082 | _a658.403 SHA 2009 | ||
| 100 | _aSharma, J K | ||
| 245 | _aOperations research : Theory and applications | ||
| 250 | _a4th edition | ||
| 260 |
_aNew Delhi: _bMacmillan, _c2009. |
||
| 300 |
_axviii, 956 p. _c28 cm. |
||
| 500 | _aIncludes index. | ||
| 650 | _aOperations Research | ||
| 942 | _2ddc | ||
| 999 |
_c8930 _d8931 |
||